Flaggen Europas im Jahr 1871 - Statistiken

Allgemein
  • Dieses Quiz wurde 712 mal gespielt
  • Das Durchschnittsergebnis liegt bei 15 aus 20
Antwortstatistiken
Bildquiz Hint Antwort % Korrekt
Spanien
100%
Deutsches Kaiserreich
92%
Belgien
90%
Dänemark
89%
Italien
89%
Niederlande
89%
Schweiz
89%
(Handelsflagge) Österreich-Ungarn
86%
(Unionsflagge) Norwegen
83%
Rumänien
82%
Großbritannien und Irland
81%
Osmanisches Reich
80%
(Unionsflagge) Schweden
79%
Monaco
76%
Serbien
66%
Portugal
65%
Griechenland
53%
Andorra
48%
Russisches Zarenreich
44%
Montenegro
23%
Keine übereinstimmenden Quizze gefunden
Verteilung der Resultate
Anzahl Personen mit jedem Resultat
Perzentil nach korrekt beantworteten Fragen
Ihre Resultats-Entwicklung
Sie haben dieses Quiz noch nicht gespielt